Problemas de química física superior / (Record no. 133515)

MARC details
000 -LEADER
campo de control de longitud fija 00607nam a2200181 i 4500
001 - NÚMERO DE CONTROL
campo de control 133515
003 - IDENTIFICADOR DE NÚMERO DE CONTROL
campo de control ES-MaACL
005 - FECHA Y HORA DE LA ÚLTIMA TRANSACCIÓN
campo de control 20230906194432.0
007 - CAMPO FIJO DE DESCRIPCIÓN FÍSICA--INFORMACIÓN GENERAL
campo de control de longitud fija t|
008 - DATOS DE LONGITUD FIJA--INFORMACIÓN GENERAL
campo de control de longitud fija 070817s1956 sp ||||1| spa d
100 1# - ENTRADA PRINCIPAL--NOMBRE DE PERSONA
Nombre de persona Wolfenden, J. H.
9 (RLIN) 117249
245 10 - MENCIÓN DEL TÍTULO
Título Problemas de química física superior /
Mención de responsabilidad, etc. J. H. Wolfenden ; versión española de C. Iriarte Fernández.
260 ## - PUBLICACIÓN, DISTRIBUCIÓN, ETC.
Lugar de publicación, distribución, etc. Madrid :
Nombre del editor, distribuidor, etc. Aguilar,
Fecha de publicación, distribución, etc. 1956 (
Lugar de fabricación/manufactura Bilbao :
Fabricante Grijelmo)
300 ## - DESCRIPCIÓN FÍSICA
Extensión XXIII, 195 p. ;
Dimensiones 22 cm.
650 ## - PUNTO DE ACCESO ADICIONAL DE MATERIA--TÉRMINO DE MATERIA
Término de materia o nombre geográfico como elemento de entrada Química física-
Subdivisión de forma Problemas.
9 (RLIN) 16635
700 1# - ENTRADA AGREGADA--NOMBRE PERSONAL
Nombre de persona Iriarte Fernández, C.
9 (RLIN) 65447
852 ## - LOCALIZACIÓN
Ubicación ES-MaACL
Número de control de estantería E-1574
Sublocalización o colección R.38740
Holdings
Estatus retirado Estado de pérdida Estado de daño No para préstamo Biblioteca de origen Biblioteca actual Ubicación en estantería Fecha de adquisición Fuente de adquisición Total de préstamos Signatura topográfica completa Código de barras Visto por última vez Precio de reemplazo Tipo de ítem Koha
        Biblioteca del Ateneo de Madrid Biblioteca del Ateneo de Madrid Depósito 2 17/01/2008     E-1574 1138992 23/02/2023 23/02/2023 Libro impreso